000 00931cam a2200277 a 4500
001 17265032
003 OSt
005 20221024145050.0
008 120420s2012 miu be 001 0 eng
010 _a 2012016485
020 _a0801014178
040 _aDLC
_cDLC
_dDLC
042 _apcc
050 0 0 _aBT1103
_b.G44 2012
082 0 0 _a239.03
_223
100 1 _aGeisler, Norman L.
245 1 4 _aThe big book of Christian apologetics :
_ban A to Z guide /
_cNorman L. Geisler.
260 _aGrand Rapids, MI :
_bBaker Books,
_cc2012.
300 _a665 p. ;
504 _aIncludes bibliographical references (p. 605-642) and indexes.
650 0 _aApologetics
_vEncyclopedias.
700 1 _aGeisler, Norman L.
_tBaker encyclopedia of Christian apologetics,
906 _a7
_bcbc
_corignew
_d1
_eecip
_f20
_gy-gencatlg
942 _2lcc
_cBK
999 _c19682
_d19681